01977nam a22002777a 4500003000900000008004100009040007100050082002400121110003600145245008800181260005300269300002900322440012300351505098800474650001601462650002101478650002401499650002301523650002101546650002001567700002601587700002001613700002001633700002701653700001901680AR-CdUCM190425b ||||| |||| 00| 0 spa d aMUNICIPALIDAD PROVINCIAL DEL CUSCOcBIBLIOTECA MUNICIPAL DEL CUSCO aRev.Andi/N°27/1996 aCentro Bartolomé de Las Casas aRevista andina /cCentro de estudios rurales andinos Bartolomé de Las Casas Cusco aCusco :bCentro Bartolomé de Las Casas,c1996. a288 páginas. :c23 cm. aPublicación Semestral del Centro Bartolomé de Las Casas Cusco.nAño 14, Número 27, N°1, Primer semestre 1996. aContenido: Por qué mintieron los indios de Cajatambo la extirpación de idolatrías en Hacas entre 1656-1665. Juan Carlos García.-- La iglesia en el Perú colonial temprano, Fray Jerónimo de Loaysa, primer obispo de Lima. Antonio Acosta. -- Identidad y pertenencia de la nobleza cusqueña en el mundo colonial temprano. Gonzalo Lamana. -- El Perú de 1590 visto por el provincial de los jesuitas. Rafael Vargas-Hidalgo. -- Pecados secretos, públicas virtudes el acoso sexual en el confesionario. Ana Sánchez. -- La inquisición peruana en Chile catálogo de los documentos existentes en el Archivo Nacional de Santiago. Teodoro Hampe Martínez. -- Trabajo familiar y producción de textiles en las tierras altas de la provincia de Jujuy. Mediados del siglo XIX. Ana A. Teruel. -- A propósito de A Dios rogando… Los pentecostales en la sociedad aymara del norte de Chile. Dominique Motte. -- Cronística e historia andina, siglos XVI y XVII. Henrique Urbano.  aCatolicismo aEvangelización aSanta Inquisición aNobleza cusqueña aÉpoca colonial aHistoria andina aGarcía, Juan Carlos aAcosta, Antonio aLamana, Gonzalo aVargas-Hidalgo, Rafael aSánchez, Ana